000 00687nam a2200205Ia 4500
003 GCL
008 140319s9999 xx 000 0 ara d
040 _aGCL /
_cGCL
082 0 4 _aق
_b720.962
_bم ع
100 1 _aمحمد انور شكرى
245 1 0 _aالعمارة فى مصر القديمة /
_cمحمد انور شكرى
260 _aالقاهرة :
_bالهيئة المصرية العامة للتأليف والنشر ،
_c1970
300 _a556 ص:
_bايض ؛
_c27 سم
490 _a
650 0 4 _aمصر القديمة
650 0 4 _aالمعابد
650 0 4 _aالعمارة المصرية القديمة
650 0 4 _aمصر - الاثار
942 _2ddc
_cBK
999 _c36213
_d36213